Entry Nome pessoal
001 - NÚMERO DE CONTROLE
- campo de controle: 75
003 - IDENTIFICADOR DO NÚMERO DE CONTROLE
- campo de controle: Br
005 - DATA E HORÁRIO DA ÚLTIMA TRANSAÇÃO
- campo de controle: 20250121133512.0
008 - CAMPO DE DADOS FIXOS
- campo de controle de tamanho fixo: 970828n| acnnnaab| aaaa |d
024 7# - OUTRO IDENTIFICADOR PADRÃO
- Número padrão ou código: http://viaf.org/viaf/24597135
- Fonte: VIAF
024 7# - OUTRO IDENTIFICADOR PADRÃO
- Número padrão ou código: http://id.loc.gov/authorities/names/n80126289
- Fonte: LCCN
035 ## - NÚMERO DE CONTROLE DO SISTEMA
- Número de Controle do Sistema: 97082810442458001
040 ## - FONTE DA CATALOGAÇÃO
- Instituição da catalogação original: Br
- Instituição que transcreveu o registro: Br
- Idioma da catalogação: por
100 1# - CABEÇALHO--NOME PESSOAL
- Nome pessoal: Asimov, Isaac,
- Datas associadas ao nome: 1920-1992.
400 1# - REMISSIVA VER--NOME PESSOAL
- Nome pessoal: French, Paul
- Datas associadas ao nome: 1920-1992
400 1# - REMISSIVA VER--NOME PESSOAL
- Nome pessoal: Dr. "A"
- Datas associadas ao nome: 1920-1992
670 ## - FONTE POSITIVA DOS DADOS
- Citação da fonte positiva dos dados: Autor de: The genetic code... [1962].
670 ## - FONTE POSITIVA DOS DADOS
- Citação da fonte positiva dos dados: LC 1942-62 v.8 p.212
- Dados encontrados na fonte localizada no subcampo: (Paul French: pseud).
670 ## - FONTE POSITIVA DOS DADOS
- Citação da fonte positiva dos dados: JB de 06/04/92
- Dados encontrados na fonte localizada no subcampo: (D)
670 ## - FONTE POSITIVA DOS DADOS
- Citação da fonte positiva dos dados: LC 1968-72 v.5 p.520.
670 ## - FONTE POSITIVA DOS DADOS
- Citação da fonte positiva dos dados: Liv. cat
670 ## - FONTE POSITIVA DOS DADOS
- Citação da fonte positiva dos dados: LC authorities 08/07/2020
- Dados encontrados na fonte localizada no subcampo: (nasceu em Petrovichi, Smolensk Oblast, Rússia. Foi um escritor e professor de bioquímica na Universidade de Boston, conhecido por seus trabalhos de ficção científica e ciência popular; escreveu mistérios e fantasia, além de muita não-ficção; cresceu no Brooklyn, Nova York; depois de concluir seu doutorado e um ano de pós-doutorado, Asimov ingressou na Faculdade de Medicina da Universidade de Boston em 1949, ensinando bioquímica; morreu em 6 de abril de 1992 em Manhattan, Nova York; rem.).
670 ## - FONTE POSITIVA DOS DADOS
- Citação da fonte positiva dos dados: VIAF 08/07/2020